000 00816cam a22002291 4500
001 gs 49000273
003 DLC
005 20260227111355.0
008 761116s1949 dcu 000 0 eng
010 _ags 49000273
035 _a(OCoLC)2560818
040 _aDLC
_cTx
_dDLC
050 0 0 _aTD224.T4
_bA5 1949
110 2 _aTexas Water Commission.
245 1 0 _aPublic water supplies in western Texas
_cby W. L. Broadhurst. R. W. Sundstrom, and D. E. Weaver. Prepared in cooperation with the U. S. Dept. of the Interior, Geological Survey.
260 _a[Washington]
_c1949.
300 _a277 p.
_bmap.
_c28 cm.
500 _aU. S. Geological Survey. Library for Library of Congress.
650 0 _aWater-supply
_zTexas.
650 0 _aWater
_xComposition.
700 1 _aBroadhurst, W. L.
_q(William Leslie),
_d1905-
999 _c28407
_d28407